Man of the match (Record no. 67048)

MARC details
000 -LEADER
fixed length control field 01016cam a2200229 4500
001 - CONTROL NUMBER
control field ABS63937
008 - FIXED-LENGTH DATA ELEMENTS--GENERAL INFORMATION
fixed length control field 000000n2001 000 0 eng u
035 ## - SYSTEM CONTROL NUMBER
System control number (Sirsi) u112648
100 ## - MAIN ENTRY--PERSONAL NAME
Personal name Hemsley, A
245 ## - TITLE STATEMENT
Title Man of the match
260 ## - PUBLICATION, DISTRIBUTION, ETC.
Date of publication, distribution, etc. 2001
490 ## - SERIES STATEMENT
Series statement Building
Volume/sequential designation 266(8183) 4 May 2001, 60(1)
520 ## - SUMMARY, ETC.
Summary, etc. Discusses the role of the partnering adviser as outlined in PPC2000, the new project partnering contract. Sets out the responsibilities of the partnering adviser and defines the role as providing two types of advice; contract and legal advice and strategic partnering advice. Suggests that an adviser must have practical experience of partnering, and be ready to take on the important issues of key performance indicators and continuous improvement.
590 ## - LOCAL NOTE (RLIN)
Local note ABS
650 ## - SUBJECT ADDED ENTRY--TOPICAL TERM
Topical term or geographic name entry element PARTNERING ADVISERS
650 ## - SUBJECT ADDED ENTRY--TOPICAL TERM
Topical term or geographic name entry element PARTNERING AGREEMENTS
650 ## - SUBJECT ADDED ENTRY--TOPICAL TERM
Topical term or geographic name entry element PPC2000
650 ## - SUBJECT ADDED ENTRY--TOPICAL TERM
Topical term or geographic name entry element PROJECT PARTNERING
650 ## - SUBJECT ADDED ENTRY--TOPICAL TERM
Topical term or geographic name entry element ADVICE
690 ## - LOCAL SUBJECT ADDED ENTRY--TOPICAL TERM (OCLC, RLIN)
Topical term or geographic name as entry element BUILT ENVIRONMENT-BUILDING CONTRACT FORMS
942 ## - ADDED ENTRY ELEMENTS (KOHA)
Suppress in OPAC 0
Holdings
Withdrawn status Lost status Source of classification or shelving scheme Damaged status Not for loan Home library Current library Shelving location Date acquired Total Checkouts Full call number Barcode Date last seen Copy number Price effective from Koha item type
    Dewey Decimal Classification     London London Journal article 17/05/2001   ABS63937 112648-1001 06/08/2019 1 06/08/2019 Journal article